عرض عادي
عرض مارك
- United States
دخول Geographic Name
001 - CONTROL NUMBER
- control field: 14767
003 - CONTROL NUMBER IDENTIFIER
- control field: AE-AdECS
005 - DATE AND TIME OF LATEST TRANSACTION
- control field: 20250422131112.0
008 - FIXED-LENGTH DATA ELEMENTS
- fixed length control field: 250422|| aca||aabn | a|a d
040 ## - CATALOGING SOURCE
- Original cataloging agency: AE-AdECS
- Transcribing agency: AE-AdECS
151 ## - HEADING--GEOGRAPHIC NAME
- Geographic name: United States
- General subdivision: Foreign relations
- Geographic subdivision: Taiwan
670 ## - SOURCE DATA FOUND
- Source citation: Work cat.: (AE-AdECS)290289: Khan, Sulmaan Wasif, author. 14764, The struggle for Taiwan :
